Statistiques concernant dragon ball z/super/film

Cliquez ici pour prendre le quiz!

Statistiques générales

  • Ce quiz a été pris 87 fois
  • Le résultat moyen est 15 sur 29

Statistiques - réponses

HintRéponse% Correct
personnagevegeta
86%
fusiongogeta
80%
cyborgc-18
77%
cyborgc-17
76%
fusionvegeto
76%
cyborgc-16
71%
dieubeerus
70%
ennemifreezer
70%
fusiongotenks
68%
angewhis
66%
personnagekrillin
61%
personnagetrunks
61%
personnageyamcha
61%
personnagebulma
59%
personnagepiccolo
57%
cyborgc-13
56%
personnagetenshin-han
52%
personnageson gohan
49%
entraineurtortue genial
46%
personnageson goten
43%
cyborgc-21
42%
personnagekakarot
41%
ennemizamasu
35%
cyborgc-12
32%
ennemijanemba
29%
personnagevidel
19%
ennemigoku black
13%
fusion ennemiezamasu fusionner
1%
personnagemister satan
0%

Distribution des résultats

Percentile par nombre de réponses

% des personnes avec chaque résultat

Votre développement - résultats

Vous n’avez pas pris ce quiz